000 00831nam a2200229 a 4500
001 000024337
005 20200930022925.0
008 110126s1986 mx r 000 0 spa d
020 _a9686642536
040 _aDO-SdBNP
_bspa
_cBNPHU
041 1 7 _aspa
_beng
_2Código de idioma MARC
082 _aNNN
_bS745g
100 1 _aSpencer Hull, Galen
_949913
240 1 0 _aA small business agenda
_lEspañol.
245 1 0 _aGuía para la pequeña empresa :
_btendencias de una economía global /
_cGalen Spencer Hull ; traducción al español Javier Ibarrola Jiménez.
260 _aMéxico, D. F. :
_bGernika,
_c1986.
300 _a195 p. ;
_c21 cm.
504 _aIncluye bibliografía (p. 193-195)
534 _aTítulo original en inglés:
_tA small business agenda
700 1 _aIbarrola Jiménez, Javier
_etr.
_948550
049 _aBNGR
999 _c23830
_d23830